| 000 | 00642nam a22002057a 4500 | ||
|---|---|---|---|
| 003 | UA-OsUOA | ||
| 001 | 39078 | ||
| 007 | ta | ||
| 008 | 20060608b un ||||| |||| 00| 0 ukr d | ||
| 090 |
_a81 _bК11 |
||
| 942 | _cSA | ||
| 040 |
_aUA-OsUOA _brus _cUA-OsUOA _dUA-OsUOA |
||
| 245 | _aКартина мира в повести А.Платонова "Котлован" | ||
| 300 | _a5 с. | ||
| 955 | _a0 | ||
| 041 | _arus | ||
| 080 | _a81 | ||
| 773 | 0 |
_w39066 _tЗарубіжна література _dК. _d2006 _g20 |
|
| 650 | 7 |
_a8 Мовознавство. Художня література. Літературознавство _2UDC |
|
| 999 |
_c325221 _d325221 |
||